| 000 | 00977nas a2200289 4500 | ||
|---|---|---|---|
| 001 | BR7800857 | ||
| 003 | BR-BrBNA | ||
| 005 | 20231205083330.0 | ||
| 007 | ta | ||
| 008 | 230509b bl.|||p| |||| 00| 00por d | ||
| 040 |
_aBR-BrBNA _bpor _cBiblioteca Nacional de Agricultura |
||
| 041 | _a(Pt) | ||
| 072 | _aH20 | ||
| 100 | 1 | _aNakamura, K. | |
| 100 | 1 | _aBalmer, E. | |
| 100 | 1 | _aCardoso, E.J.B.N. | |
| 100 | 1 | _aNakamura, A.M. | |
| 245 | 1 | _aMicrorganismos antagonicos a Fusarium oxysporum F. vasinfectum (Atk.)Snyder e Hansen em alguns solos do Estado de Sao Paulo [fungo, murcha de fusarium, controle biologico, algodao, Gossypium hirsutum, Brasil] | |
| 650 | _aDOENCA DE PLANTA | ||
| 650 | _aALGODAO | ||
| 650 | _aFUNGO | ||
| 650 | _aMURCHA DE FUSARIUM | ||
| 650 | _aCONTROLE BIOLOGICO | ||
| 773 | 0 |
_tSumma Phytopathologica (Brazil) _xISSN 0100-5405 _g(Apr 1977), v. 3(2) p. 124-130 _wBR7800857 |
|
| 909 |
_a202311 _bLúcia _c55 _dLúcia Elande |
||
| 942 |
_2AGRIS _n0 _cANA |
||
| 999 |
_c98047 _d98047 |
||